| 000 | 01070nam a22002777a 4500 | ||
|---|---|---|---|
| 001 | 688 | ||
| 005 | 20240712134831.0 | ||
| 020 | _a9780525425823 (hardcover) | ||
| 040 |
_aDLC _cDLC _dDLC _beng |
||
| 050 | 0 | 0 |
_aPZ7.S68524 _bEpao 2012 |
| 082 | 0 | 0 |
_a[Fic] _223 |
| 100 | 1 |
_aSobol, Donald J., _d1924-2012. |
|
| 245 | 1 | 0 |
_aEncyclopedia Brown and the case of the soccer scheme / _cDonald J. Sobol ; illustrated by James Bernardin. |
| 250 | _aFirst Scholastic printing, September 2013 | ||
| 260 |
_aNew York : _bScholastic, _c2013. |
||
| 300 |
_a84 pages : _billustrations ; _c20 cm. |
||
| 490 | 0 | _aEncyclopedia Brown | |
| 505 | 0 | _aK | |
| 520 | _aIdaville's secret weapon against lawbreakers, ten-year-old Leroy "Encyclopedia" Brown, helps the police force solve ten new cases, the solutions to which are found in the back of the book. | ||
| 521 |
_a610
_blexile |
||
| 521 |
_aK
_bRaz-Plus |
||
| 650 | 1 | _aMystery and detective stories. | |
| 700 | 1 |
_aBernardin, James, _eillustrator. |
|
| 906 |
_a7 _bcbc _corignew _d1 _eecip _f20 _gy-gencatlg |
||
| 942 |
_2ddc _cBK _n0 |
||
| 999 |
_c688 _d688 |
||